| 000 | 00361nam a2200145Ia 4500 | ||
|---|---|---|---|
| 008 | 210210b1978 xxu||||| |||| 00| 0 eng d | ||
| 082 | _a321.802 SRIW | ||
| 100 | _aSRIVASTVA (L N). | ||
| 245 | _aWorld constitutions. | ||
| 260 |
_aDelhi _bSurjeet book depot _c1978 |
||
| 300 | _aix,50 | ||
| 650 | _aYugoslavia | ||
| 690 | _aModern Governments | ||
| 906 | _a033483 | ||
| 999 |
_c84461 _d84461 |
||